00802nab a2200181 i 4500001000400000003000400004005001700008008003900025040000800064041000800072044000800080100016100088245009900249260001000348500004200358773005700400700016300457BPPBPK20180412110903.0140402s1983 pl f |000 0 eng cBPK aeng aPOL aBARAN, Jerzy.d1975 - 1978.bWyższa Szkoła Inżynierska w Koszalinie - Instytut Konstrukcji i Eksploatacji Maszyn,cZakład Termodynamiki i Chłodnictwa aService test on thermal effectiveness of a shipboard air cooler /cJerzy Baran, Henryk Charun. c1983. aDane z bibliografii załącznikowej. iW :tBudownictwo Okrętowe. -g1983, nr 1, s. 13-15 aCHARUN, Henryk.d1970 - 1996.bWyższa Szkoła Inżynierska w Koszalinie - Instytut Konstrukcji i Eksploatacji Maszyn,cZakład Termodynamiki i Chłodnictwa